| 000 | 00566nam a2200181Ia 4500 | ||
|---|---|---|---|
| 003 | SGT | ||
| 020 | _a8185240485 | ||
| 082 |
_a627.52 _bVAR |
||
| 100 | _aVarshney,R.S | ||
| 245 | _aTheory and design of Irrigation structures | ||
| 260 |
_bNem Chand & Bros _aRoorkee _c2007 |
||
| 300 | _a784p. | ||
| 650 | _aCIVIL ENGINEERING | ||
| 653 | _aIRRIGATION STRUCTURES ON PERMEABLE FOUNDATION,HYDRAULIC JUMP & ENERGY DISSIPATION DEVICES,SELECTED REFERENCES,SPILLWAYS,GRAVITY DAMS,BUTTRESS AND ARCH DAMS | ||
| 700 | _aGupta,S.C | ||
| 700 | _aGutpta,R.L. | ||
| 942 |
_2ddc _cBK |
||
| 999 |
_c5298 _d5298 |
||